The network manager's handbook

שמור ב:
מידע ביבליוגרפי
מחבר ראשי: John M. Lusa
פורמט: ספר
שפה:Undetermined
יצא לאור: Boca Raton, FL Auerbach 2000
נושאים:
תגים: הוספת תג
אין תגיות, היה/י הראשונ/ה לתייג את הרשומה!
Thư viện lưu trữ: Trung tâm Học liệu Trường Đại học Cần Thơ
LEADER 00529nam a2200193Ia 4500
001 CTU_58092
008 210402s9999 xx 000 0 und d
082 |a 658.0546 
082 |b N469 
100 |a John M. Lusa 
245 4 |a The network manager's handbook 
245 0 |c Edited by John M. Lusa 
260 |a Boca Raton, FL 
260 |b Auerbach 
260 |c 2000 
650 |a computer networks 
650 |x management,handbooks, manuals, etc. 
904 |i Minh 
980 |a Trung tâm Học liệu Trường Đại học Cần Thơ